| 000 | 01766nam0a2200421 4500 | ||
|---|---|---|---|
| 001 | RU\NLR\bibl\364412 | ||
| 005 | 20250621161555.0 | ||
| 010 |
_a5-93455-144-2 _92000 |
||
| 021 |
_aRU _b2002-17076 _9856 |
||
| 035 | _a(NLR Aleph) 000358993 | ||
| 090 |
_a323635 _c323635 |
||
| 100 | _a20020723d2002 |||y0rusy50 ca | ||
| 101 | 0 | _arus | |
| 102 | _aRU | ||
| 105 | _aa ||||||||| | ||
| 200 | 1 |
_aЭлементы подготовки презентаций _fВ.И. Карлащук, С.В. Карлащук |
|
| 210 |
_aМ. _cСолон-Р _d2002 |
||
| 215 |
_a156 с. _cил. _d24 |
||
| 300 | _aНа обл.: Подготовка элементов презентаций/ В.И. Карлащук | ||
| 313 | _aЭта книга продолжение книги "Презентация на компакт-диске" 2002-7/1877 | ||
| 512 | 1 |
_6z45790 _aПодготовка элементов презентаций |
|
| 606 | 0 |
_aМультимедийные технологии _92223805 _3RU\NLR\auth\661335136 |
|
| 606 | 0 |
_aПрезентации, мультимедийные _92163137 _3RU\NLR\auth\661301679 |
|
| 610 | 0 | _aПрезентация - Запись на компакт-диски | |
| 675 |
_a004.032.6 _v3 _zrus |
||
| 686 |
_a50 _2rugasnti |
||
| 686 |
_a32.973.26-018.2 _2rubbk |
||
| 686 | _aЗ988.02 | ||
| 686 | _aУ5-13в612 | ||
| 700 | 1 |
_aКарлащук _bВ. И. _gВасилий Иванович _4070 |
|
| 701 | 1 |
_aКарлащук _bС. В. _gСергей Васильевич _4070 |
|
| 790 | 1 |
_6z45512 _aКарлащук _bВ. И. _gВасилий Иванович _4070 |
|
| 801 | 0 |
_aRU _bRKP _c20020723 _gPSBO |
|
| 801 | 1 |
_aRU _bRKP _c20020723 |
|
| 801 | 2 |
_aRU _bNLR _c20030424 _grcr |
|
| 942 | _cBOOK | ||
| 980 | _aNB | ||